Hypotéky přes API usnadní práci poradcům

Predstavenie fintechovej novinky API, ktorá ponúka užívateľsky prívetivé rozhranie, ktoré umožní externým poradcom využívať interné systémy banky pre zjednanie úverov. Plány ostatných bánk v oblasti technológií.

Saved in:
Bibliographic Details
Main Author: Sobková, Martina
Format: Book Chapter
Language:Czech
Subjects:
Tags: Add Tag
No Tags, Be the first to tag this record!

MARC

LEADER 00000naa a2200000 4500
001 0267297
005 20200727083730.5
041 0 |a cze 
044 |a CZ 
245 1 0 |a Hypotéky přes API usnadní práci poradcům  |c Martina Sobková 
520 |a Predstavenie fintechovej novinky API, ktorá ponúka užívateľsky prívetivé rozhranie, ktoré umožní externým poradcom využívať interné systémy banky pre zjednanie úverov. Plány ostatných bánk v oblasti technológií. 
610 2 0 |a hypotéky 
610 2 0 |a poradcovia finanční 
610 2 0 |a technológie komunikačné 
610 2 0 |a technológie informačné 
610 2 0 |a technológie nové 
610 2 0 |a financie 
100 1 |a Sobková, Martina